000 00272nam a22001217a 4500
999 _c163340
_d163340
082 _a
_b
100 _aBirdwood C B
245 _aIndia's Freedom struggle/
_cby Birdwood C B.
260 _aNew Delhi:
_bDiscovery,
_c1988.
300 _a275p.
650 _a
942 _cBK